000 00279nam a22001217a 4500
008 170714b xxu||||| |||| 00| 0 eng d
041 _aeng
080 _a030
100 _a24
101 _aFJA
245 _aTHORES DICTIONARY APPLED CHEMISTRY
_cTHORPE.J.F
942 _2udc
_cBK
999 _c20844
_d20844